| 000 | 00503nam a22001697a 4500 | ||
|---|---|---|---|
| 999 |
_c9079 _d9079 |
||
| 003 | GBCCL | ||
| 005 | 20241126110704.0 | ||
| 008 | 220405b ||||| |||| 00| 0 eng d | ||
| 040 | _cgbc | ||
| 082 |
_aARCH GBC-2020 _bMAN |
||
| 100 |
_aMangte, Lamjoylian _915840 |
||
| 245 | _aA study on the decline of morality in the context of Evangelical Baptist Convention Church in Lamka | ||
| 260 |
_aNew Lamka: _bGrace Bible College, _c2020 |
||
| 300 | _axx, 59p. ; | ||
| 650 |
_aEthics _9173 |
||
| 942 |
_2ddc _cTH |
||